000 00277nam a22001217a 4500
008 170418b xxu||||| |||| 00| 0 eng d
041 _aeng
080 _a579
100 _a11
101 _aSHM
245 _aMICROBIOLOGY WITH DISEASE BY TAXONOMY
_cBAUMAN.R
942 _2udc
_cBK
999 _c10901
_d10901